<?xml version="1.0" encoding="UTF-8"?>
<record
    xmlns:xsi="http://www.w3.org/2001/XMLSchema-instance"
    xsi:schemaLocation="http://www.loc.gov/MARC21/slim http://www.loc.gov/standards/marcxml/schema/MARC21slim.xsd"
    xmlns="http://www.loc.gov/MARC21/slim">

  <leader>01890nam a2200337 a 4500</leader>
  <controlfield tag="001">000045145</controlfield>
  <controlfield tag="003">DO-SdBPM</controlfield>
  <controlfield tag="005">20251114095009.0</controlfield>
  <controlfield tag="007">ta</controlfield>
  <controlfield tag="008">150205s2014    dr ac    000 0 spa d</controlfield>
  <datafield tag="040" ind1=" " ind2=" ">
    <subfield code="a">DO-SdBPM</subfield>
    <subfield code="b">spa</subfield>
    <subfield code="c">BPMSU</subfield>
    <subfield code="d">rda</subfield>
  </datafield>
  <datafield tag="082" ind1=" " ind2="4">
    <subfield code="a">002.074  </subfield>
    <subfield code="b">F356a 2014</subfield>
    <subfield code="2">22</subfield>
  </datafield>
  <datafield tag="111" ind1="2" ind2=" ">
    <subfield code="a">Feria Internacional del Libro</subfield>
    <subfield code="n">(17&#xAA; :</subfield>
    <subfield code="d">2014 : 24 de abril al 5 de mayo</subfield>
    <subfield code="c">Santo Domingo, Rep&#xFA;blica Dominicana)</subfield>
  </datafield>
  <datafield tag="245" ind1="1" ind2="0">
    <subfield code="a">Atlas Ferial :</subfield>
    <subfield code="b"> el qui&#xE9;n es qui&#xE9;n de la FIL Santo Domingo, 2014 /</subfield>
    <subfield code="c"> editora Romina Bayo ;  colaboradores Valent&#xED;n Amaro, Basilio Belliard </subfield>
  </datafield>
  <datafield tag="246" ind1="1" ind2="3">
    <subfield code="a"> Feria Internacional del Libro Santo Domingo :</subfield>
    <subfield code="b">Atlas ferial </subfield>
  </datafield>
  <datafield tag="260" ind1=" " ind2=" ">
    <subfield code="b"> </subfield>
  </datafield>
  <datafield tag="264" ind1=" " ind2=" ">
    <subfield code="a">Santo Domingo :</subfield>
    <subfield code="b">Editora Ferilibro, </subfield>
    <subfield code="c">2014</subfield>
  </datafield>
  <datafield tag="300" ind1=" " ind2=" ">
    <subfield code="a">[163] p&#xE1;ginas  :</subfield>
    <subfield code="b">ilustraciones, fotograf&#xED;as;</subfield>
    <subfield code="c">21 cm.</subfield>
  </datafield>
  <datafield tag="336" ind1=" " ind2=" ">
    <subfield code="a">texto</subfield>
    <subfield code="b">txt</subfield>
    <subfield code="2">rdacontent</subfield>
  </datafield>
  <datafield tag="337" ind1=" " ind2=" ">
    <subfield code="a">sin mediaci&#xF3;n</subfield>
    <subfield code="b">n</subfield>
    <subfield code="2">rdamedia</subfield>
  </datafield>
  <datafield tag="338" ind1=" " ind2=" ">
    <subfield code="a">volumen</subfield>
    <subfield code="b">nc</subfield>
    <subfield code="2">rdacarrier</subfield>
  </datafield>
  <datafield tag="500" ind1=" " ind2=" ">
    <subfield code="a">Pa&#xED;s invitado de honor: Panam&#xE1;, dedicada al poeta nacional Domingo Moreno Jimenes</subfield>
  </datafield>
  <datafield tag="505" ind1="0" ind2=" ">
    <subfield code="a">24 de abril - Inicia el recorrido.-- 25 de abril - D&#xED;a de Lusitania Mart&#xED;nez.-- 26 de abril - D&#xED;a de Frank B&#xE1;ez.-- 27 de abril - D&#xED;a de Carlos Esteban Deive.-- 28 de abril - Tom&#xE1;s Castro Burdiez.-- 29 de abril - Jos&#xE9; Miguel Soto Jim&#xE9;nez.-- 30 de abril - D&#xED;a de Tony Raful.-- 1 de mayo - D&#xED;a de Miguel De Camps.-- 2 de mayo - D&#xED;a de Eleonor Grimaldi.-- 3 de mayo - D&#xED;a de Enegildo Pe&#xF1;a.-- 4 de mayo - D&#xED;a de Medar Serrata.-- 5 de mayo - D&#xED;a de Jos&#xE9; Dunker.-- El qui&#xE9;n es qui&#xE9;n de la FIL 2014.</subfield>
  </datafield>
  <datafield tag="590" ind1=" " ind2=" ">
    <subfield code="a">Inventariado, 2025/VM</subfield>
  </datafield>
  <datafield tag="650" ind1=" " ind2="7">
    <subfield code="a">Industria del libro</subfield>
    <subfield code="z">Rep&#xFA;blica Dominicana </subfield>
    <subfield code="x">Compendio </subfield>
  </datafield>
  <datafield tag="650" ind1=" " ind2="7">
    <subfield code="a">Feria del libro </subfield>
    <subfield code="z">Rep&#xFA;blica Dominicana </subfield>
    <subfield code="y">2014</subfield>
    <subfield code="v"> </subfield>
  </datafield>
  <datafield tag="650" ind1=" " ind2="7">
    <subfield code="a">Libros </subfield>
    <subfield code="z">Rep&#xFA;blica Dominicana </subfield>
    <subfield code="v"> Exposiciones </subfield>
  </datafield>
  <datafield tag="700" ind1="1" ind2=" ">
    <subfield code="a">Bayo, Romina</subfield>
    <subfield code="e">editora</subfield>
  </datafield>
  <datafield tag="910" ind1=" " ind2=" ">
    <subfield code="a">VMateo V. Control de calidad. BPMSU</subfield>
  </datafield>
  <datafield tag="942" ind1=" " ind2=" ">
    <subfield code="2">ddc</subfield>
    <subfield code="c">BK</subfield>
  </datafield>
  <datafield tag="952" ind1=" " ind2=" ">
    <subfield code="0">0</subfield>
    <subfield code="1">0</subfield>
    <subfield code="2">ddc</subfield>
    <subfield code="7">0</subfield>
    <subfield code="8">CD</subfield>
    <subfield code="a">BPMET</subfield>
    <subfield code="b">BPMET</subfield>
    <subfield code="d">2025-11-14</subfield>
    <subfield code="l">0</subfield>
    <subfield code="o">BPMSU CD 002.074  F356a  2014</subfield>
    <subfield code="p">BPMSU25110030</subfield>
    <subfield code="r">2025-11-14</subfield>
    <subfield code="w">2025-11-14</subfield>
    <subfield code="y">BK</subfield>
  </datafield>
  <datafield tag="952" ind1=" " ind2=" ">
    <subfield code="0">0</subfield>
    <subfield code="1">0</subfield>
    <subfield code="2">ddc</subfield>
    <subfield code="7">0</subfield>
    <subfield code="8">CD</subfield>
    <subfield code="a">BPMET</subfield>
    <subfield code="b">BPMET</subfield>
    <subfield code="d">2025-11-14</subfield>
    <subfield code="l">0</subfield>
    <subfield code="o">BPMSU CD 002.074  F356a  2014</subfield>
    <subfield code="p">BPMSU25110031</subfield>
    <subfield code="r">2025-11-14</subfield>
    <subfield code="t">e.2</subfield>
    <subfield code="w">2025-11-14</subfield>
    <subfield code="y">BK</subfield>
  </datafield>
  <datafield tag="952" ind1=" " ind2=" ">
    <subfield code="0">0</subfield>
    <subfield code="1">0</subfield>
    <subfield code="2">ddc</subfield>
    <subfield code="7">0</subfield>
    <subfield code="8">CD</subfield>
    <subfield code="a">BPMET</subfield>
    <subfield code="b">BPMET</subfield>
    <subfield code="d">2025-11-14</subfield>
    <subfield code="l">0</subfield>
    <subfield code="o">BPMSU CD 002.074  F356a  2014</subfield>
    <subfield code="p">BPMSU25110032</subfield>
    <subfield code="r">2025-11-14</subfield>
    <subfield code="t">e.3</subfield>
    <subfield code="w">2025-11-14</subfield>
    <subfield code="y">BK</subfield>
  </datafield>
  <datafield tag="999" ind1=" " ind2=" ">
    <subfield code="c">15504</subfield>
    <subfield code="d">15504</subfield>
  </datafield>
</record>
